000
00306nam a2200121Ia 4500
008
190216s9999||||xx |||||||||||||| ||und||
100
_a
Soni Pl &shama
245
0
_a
Fundamental College Chemistry
260
_b
Sulthan Chand&Sons
_c
1974
300
_a
1296p
650
_a
Chemistry-Chemistry
942
_c
BK
999
_c
2305
_d
2305